Tajný život institucí /
Jeden pracovní den v životě malého úředníka v kulisách malého muzea. Kriticky reflexivní próza originálního českého autora.
Uloženo v:
| Hlavní autor: | |
|---|---|
| Médium: | Kniha |
| Jazyk: | Czech |
| Vydáno: |
Praha :
Malvern,
2025
|
| Vydání: | Vydání první |
| Témata: | |
| Celkem bylo vypůjčeno: | 0x |
| Tagy: |
Žádné tagy |
| LEADER | 02034cam a2200349 i 4500 | ||
|---|---|---|---|
| 001 | 106288 | ||
| 003 | CZ PrNK | ||
| 005 | 20260511110951.0 | ||
| 007 | ta | ||
| 008 | 251013s2025 xr g 000 f cze | ||
| 015 | |a cnb003713653 | ||
| 020 | |a 9788075305848 |q (brožováno) | ||
| 040 | |a ABG001 |b cze |d OLA001 |e rda | ||
| 072 | 7 | |a 821.162.3-3 |x Česká próza |2 Konspekt |9 25 | |
| 080 | |a 821.162.3-31 |2 MRF | ||
| 080 | |a (0:82-31) |2 MRF | ||
| 100 | 1 | |a Šerý, Ladislav, |d 1958- |7 jn20010602445 |4 aut |9 47325 | |
| 245 | 1 | 0 | |a Tajný život institucí / |c Ladislav Šerý |
| 250 | |a Vydání první | ||
| 264 | 1 | |a Praha : |b Malvern, |c 2025 | |
| 300 | |a 195 stran ; |c 17 cm | ||
| 336 | |a text |b txt |2 rdacontent | ||
| 337 | |a bez média |b n |2 rdamedia | ||
| 338 | |a svazek |b nc |2 rdacarrier | ||
| 520 | 2 | |a Jeden pracovní den v životě malého úředníka v kulisách malého muzea. Kriticky reflexivní próza originálního českého autora. |b Román na pomezí travestie a politické lamentace ukazuje banalitu moci v psychicky zatěžujících byrokratických aparátech a zobrazuje absurdní svět institucí jako prostor nátlaku, kde se střetává paranoia a autokracie vedoucích pracovníků se strachem podřízených a s revolučním romantismem věčných idealistů. Instituce jsou magické, do sebe uzavřené mechanismy, kde každý musí neustále potvrzovat své postavení a loajalitu k hierarchii, aby nebyl odhalen jako málo výkonný, nespolehlivý nebo vzpurný. I v malém kolektivu se rychle ukáže, že překonat všeobecnou rezignaci a přinutit sebe i ostatní k protestní akci bude složitější, než se mohlo na první pohled zdát. Nakladatelská anotace. | |
| 655 | 7 | |a české romány |7 fd133974 |2 czenas |9 54031 | |
| 655 | 9 | |a Czech fiction |2 eczenas | |
| 710 | 2 | |a Malvern (nakladatelství) |7 pna2008435219 |4 pbl |9 117324 | |
| 910 | |a UOG502 | ||
| 942 | |2 ddc |c KN | ||
| 999 | |d 106288 | ||
| 993 | |0 0 |1 421180107012 |2 ddc |4 0 |7 0 |9 99655 |b 0 |c 107012 |d 2026-05-11 |e 0 |f DOSP |h 297.00 |i Koupě |l DOSP |r 2026-05-11 |t 6 |w 2026-05-11 |y KN |z BELET |n | ||